|
|
|
|
| LEADER |
00000nam a2200000 i 4500 |
| 001 |
1/92290 |
| 008 |
931220s1975 fre d |
| 020 |
|
|
|a 2-8270-0874-2
|
| 035 |
|
|
|l 10008417
|
| 040 |
|
|
|a GR-MY-UA
|b gre
|e aacr
|
| 041 |
0 |
|
|a fre
|
| 082 |
0 |
|
|a 551.4603
|
| 245 |
1 |
0 |
|a L'encyclopédie Cousteau
|
| 260 |
|
|
|a Paris :
|b Alpha,
|c c1975
|
| 300 |
|
|
|a 280 p. (each volume)
|b ill.
|
| 505 |
0 |
|
|a Volume 1: Oasis dans l'espace. L'acte de vieVolume 2: La quête de la nourriture. L'art du mouvementVolume 3: Attaque et défense. Fenêtre ouverte dans la merVolume 4: Instinct et intelligence. Messages invisiblesVolume 5: Les pharaons de la mer. Mammiféres et oiseaux de merVolume 6: Les provinces de l'océan. L'homme retourne à la merVolume 7: Mythes et légendes de la mer. L'aventure de la vieVolume 8: L'océan et l'espace. Les mers polairesVolume 9: Les trésors de l'océan. Les défis de la merVolume 10: Le spectre de la pollution. Guide de la mer. IndexVolume 11: L'homme et la navigation à travels les temps
|
| 600 |
1 |
0 |
|a Cousteau Jacques Yves.
|
| 650 |
0 |
0 |
|a Ocean.
|
| 650 |
0 |
0 |
|a Marine biological diversity.
|
| 650 |
0 |
0 |
|a Encyclopedias and dictionaries.
|
| 852 |
|
|
|a INST
|b LESVOS
|e 19931220
|h 551.4603 ENC
|p 005100023020
|q 005100023020
|t REF
|y 23
|z vol.11
|
| 852 |
|
|
|a INST
|b LESVOS
|e 19931220
|h 551.4603 ENC
|p 005100023021
|q 005100023021
|t REF
|y 23
|z vol.10
|
| 852 |
|
|
|a INST
|b LESVOS
|e 19931220
|h 551.4603 ENC
|p 005100023022
|q 005100023022
|t REF
|y 23
|z vol.9
|
| 852 |
|
|
|a INST
|b LESVOS
|e 19931220
|h 551.4603 ENC
|p 005100023023
|q 005100023023
|t REF
|y 23
|z vol.8
|
| 852 |
|
|
|a INST
|b LESVOS
|e 19931220
|h 551.4603 ENC
|p 005100023024
|q 005100023024
|t REF
|y 23
|z vol.7
|
| 852 |
|
|
|a INST
|b LESVOS
|e 19931220
|h 551.4603 ENC
|p 005100023025
|q 005100023025
|t REF
|y 23
|z vol.6
|
| 852 |
|
|
|a INST
|b LESVOS
|e 19931220
|h 551.4603 ENC
|p 005100023026
|q 005100023026
|t REF
|y 23
|z vol.5
|
| 852 |
|
|
|a INST
|b LESVOS
|e 19931220
|h 551.4603 ENC
|p 005100023027
|q 005100023027
|t REF
|y 23
|z vol.4
|
| 852 |
|
|
|a INST
|b LESVOS
|e 19931220
|h 551.4603 ENC
|p 005100023028
|q 005100023028
|t REF
|y 23
|z vol.3
|
| 852 |
|
|
|a INST
|b LESVOS
|e 19931220
|h 551.4603 ENC
|p 005100023029
|q 005100023029
|t REF
|y 23
|z vol.2
|
| 852 |
|
|
|a INST
|b LESVOS
|e 19931220
|h 551.4603 ENC
|p 005100023030
|q 005100023030
|t REF
|y 23
|z v.1.
|
| 852 |
|
|
|a INST
|b LESVOS
|e 19931220
|h 551.4603 ENC
|p 005100023020
|q 005100023020
|t REF
|v vol.11:
|y 23
|z vol.11
|
| 852 |
|
|
|a INST
|b LESVOS
|e 19931220
|h 551.4603 ENC
|p 005100023021
|q 005100023021
|t REF
|v vol.10:
|y 23
|z vol.10
|
| 852 |
|
|
|a INST
|b LESVOS
|e 19931220
|h 551.4603 ENC
|p 005100023022
|q 005100023022
|t REF
|v vol.9:
|y 23
|z vol.9
|
| 852 |
|
|
|a INST
|b LESVOS
|e 19931220
|h 551.4603 ENC
|p 005100023023
|q 005100023023
|t REF
|v vol.8:
|y 23
|z vol.8
|
| 852 |
|
|
|a INST
|b LESVOS
|e 19931220
|h 551.4603 ENC
|p 005100023024
|q 005100023024
|t REF
|v vol.7:
|y 23
|z vol.7
|
| 852 |
|
|
|a INST
|b LESVOS
|e 19931220
|h 551.4603 ENC
|p 005100023025
|q 005100023025
|t REF
|v vol.6:
|y 23
|z vol.6
|
| 852 |
|
|
|a INST
|b LESVOS
|e 19931220
|h 551.4603 ENC
|p 005100023026
|q 005100023026
|t REF
|v vol.5:
|y 23
|z vol.5
|
| 852 |
|
|
|a INST
|b LESVOS
|e 19931220
|h 551.4603 ENC
|p 005100023027
|q 005100023027
|t REF
|v vol.4:
|y 23
|z vol.4
|
| 852 |
|
|
|a INST
|b LESVOS
|e 19931220
|h 551.4603 ENC
|p 005100023028
|q 005100023028
|t REF
|v vol.3:
|y 23
|z vol.3
|
| 852 |
|
|
|a INST
|b LESVOS
|e 19931220
|h 551.4603 ENC
|p 005100023029
|q 005100023029
|t REF
|v vol.2:
|y 23
|z vol.2
|
| 852 |
|
|
|a INST
|b LESVOS
|e 19931220
|h 551.4603 ENC
|p 005100023030
|q 005100023030
|t REF
|v v.1.:
|y 23
|z v.1.
|
| 853 |
|
|
|a INST
|b LESVOS
|h 551.4603 ENC
|
| 909 |
|
|
|a Λ
|b 015326
|
| 909 |
|
|
|a Λ
|b 015327
|
| 909 |
|
|
|a Λ
|b 015328
|
| 909 |
|
|
|a Λ
|b 015329
|
| 909 |
|
|
|a Λ
|b 015330
|
| 909 |
|
|
|a Λ
|b 015331
|
| 909 |
|
|
|a Λ
|b 015332
|
| 909 |
|
|
|a Λ
|b 015333
|
| 909 |
|
|
|a Λ
|b 015334
|
| 909 |
|
|
|a Λ
|b 015335
|
| 909 |
|
|
|a Λ
|b 015336
|